|
|
|
|
| LEADER |
00000nam0a2200000 4500 |
| 001 |
151557 |
| 005 |
20231031150748.0 |
| 035 |
|
|
|a (RuTPU)RU\TPU\book\164324
|
| 090 |
|
|
|a 151557
|
| 100 |
|
|
|a 20090124d1963 m y0rusy50 ca
|
| 101 |
1 |
|
|a rus
|c eng
|
| 102 |
|
|
|a RU
|
| 105 |
|
|
|a a z 000zy
|
| 200 |
1 |
|
|a Спасение с затонувших подводных лодок
|e пер. с англ.
|f У. Шелфорд
|
| 210 |
|
|
|a Москва
|d 1963
|c Воениздат
|
| 215 |
|
|
|a 304 с.
|c ил.
|
| 610 |
1 |
|
|a подводные лодки
|
| 610 |
1 |
|
|a аварии
|
| 610 |
1 |
|
|a спасение
|
| 610 |
1 |
|
|a морской флот
|
| 610 |
1 |
|
|a аварийно-спасательные работы
|
| 675 |
|
|
|a 629.129
|v 3
|
| 700 |
|
1 |
|a Шелфорд
|b У.
|
| 801 |
|
1 |
|a RU
|b 63413507
|c 20090124
|g PSBO
|
| 801 |
|
2 |
|a RU
|b 63413507
|c 20091110
|g PSBO
|
| 900 |
|
|
|a Безопасность спасательных работ
|
| 942 |
|
|
|c BK
|